Statistics for Country B borders all countries bordered by Country A

Click here to take the quiz!

General Stats

  • This quiz has been taken 143 times
  • The average score is 26 of 30

Answer Stats

COUNTRY ACOUNTRY B% Correct
ArmeniaAzerbaijan;Turkey
96%
ChileBolivia;Brazil
96%
BelgiumFrance;Germany
96%
Bosnia and HerzegovinaCroatia;Montenegro;Serbia
96%
BelarusRussia
94%
FinlandNorway
94%
CambodiaLaos
93%
DjiboutiEthiopia
92%
EritreaEthiopia
90%
BurundiDemocratic Republic of the Congo;Rwanda;Tanzania;Uganda
89%
OmanSaudi Arabia
88%
LatviaRussia
88%
GeorgiaAzerbaijan
87%
NorwayFinland
87%
NetherlandsBelgium;France;Germany;Luxembourg
86%
GuyanaBrazil
86%
LithuaniaBelarus;Russia
86%
LuxembourgBelgium;France;Germany;Netherlands
86%
ParaguayArgentina;Bolivia;Brazil
85%
GhanaBurkina Faso
82%
SomaliaEthiopia
82%
United Arab EmiratesSaudi Arabia
81%
VenezuelaBrazil
81%
SurinameBrazil
81%
LiberiaGuinea
81%
RwandaDemocratic Republic of the Congo;Tanzania
81%
GabonCameroon
81%
VietnamLaos
81%
MalawiMozambique;Tanzania;Zambia
80%
TogoBurkina Faso
74%

Score Distribution

Percentile by Number Answered

Percent of People with Each Score

Your Score History

You have not taken this quiz